[Event "4th Memorial Warakomska-A 2020"]
[Site "Suwalki"]
[Date "2020.08.07"]
[Round "1.1"]
[White "Gumularz, Szymon"]
[Black "Bugajski, Robert"]
[Result "1-0"]
[WhiteElo "2513"]
[BlackElo "2081"]
[Annotator "TA"]
[PlyCount "63"]
[EventDate "2020.08.06"]
[EventType "swiss"]
[EventCountry "POL"]
[SourceTitle "playchess.com"]
[Source "ChessBase"]
[SourceQuality "1"]

{[%evp 14,63,47,20,64,33,65,46,79,78,106,83,108,102,96,80,105,104,103,75,118,106,96,74,74,80,68,58,167,163,154,170,243,236,238,231,300,254,889,887,870,874,29990,29991,29991,29992,29992,29993,29994,29995,29995,29996]} 1. d4 Nf6 2. Bf4 d5 3. e3 e6 4. Nd2 c5 5. Ngf3 cxd4 6. exd4 Be7 7. c3 Nc6 8. Bd3 h6 {B13: Caro-Kann: Exchange Variation and Panov-Botvinnik Attack.} 9. Qe2 a6 {[#]} 10. O-O $146 ({Predecessor:} 10. Bc2 b5 11. O-O O-O 12. Qd3 b4 13. Ne5 Bb7 14. Ng4 Re8 15. Rfe1 a5 16. Nxh6+ gxh6 {1-0 (56) Camacho Casado,D (1956)-Hernandez Garcia,C (1814) Madrid 2014}) 10... O-O {White is slightly better.} 11. Rae1 b5 12. Ne5 Nxe5 13. dxe5 Nd7 14. Bb1 Re8 15. Qd3 {[#] Threatening mate with Qh7+.} Nf8 16. Re3 Bg5 17. Bxg5 Qxg5 18. Nf3 Qe7 19. Nd4 Bd7 20. Qd2 Qg5 (20... a5 $14) 21. f4 $18 Qe7 22. Rg3 f5 (22... Rab8 $142 23. f5 exf5) 23. exf6 $1 Qxf6 24. Nf3 Red8 25. Ne5 Be8 $2 (25... h5 26. Rg5 b4 27. cxb4 Be8) 26. Ng4 Qh4 27. f5 Qg5 {[#]} 28. Nxh6+ $1 {[%mdl 512] White mates.} gxh6 29. Rxg5+ hxg5 30. Qxg5+ Kh8 31. Qh6+ Kg8 32. fxe6 {Accuracy: White = 94%, Black = 28%.} 1-0

[Event "4th Memorial Warakomska-A 2020"]
[Site "Suwalki"]
[Date "2020.08.07"]
[Round "1.2"]
[White "Choroszej, Aleksander"]
[Black "Janik, Igor"]
[Result "0-1"]
[WhiteElo "2059"]
[BlackElo "2467"]
[Annotator "TA"]
[PlyCount "34"]
[EventDate "2020.08.06"]
[EventType "swiss"]
[EventCountry "POL"]
[SourceTitle "playchess.com"]
[Source "ChessBase"]
[SourceQuality "1"]

{[%evp 12,34,9,-8,10,0,0,-28,-27,-23,-13,-21,-27,-33,-27,-37,-54,-50,-44,-45,-58,-193,-179,-176,-194]} 1. d4 Nf6 2. c4 e6 3. Nc3 Bb4 4. f3 c5 5. d5 O-O 6. e4 d6 7. Nge2 a6 {E20: Nimzo-Indian: 4 g3 and 4 f3.} 8. a3 Ba5 {[#]} 9. Nf4 $146 ({Predecessor:} 9. Rb1 exd5 10. cxd5 b5 11. b4 Bb6 12. Be3 Nbd7 13. Qd2 Nh5 14. Ng3 cxb4 15. Bxb6 bxc3 16. Qxc3 Nxb6 17. Nxh5 {½-½ (41) Utnasunov,A (2423)-Ulko,J (2441) Sochi 2016}) 9... exd5 {Black has an edge.} 10. cxd5 b5 11. Be2 Nbd7 {[%cal Bb8d7,Bd7c5,Bc5d3][%mdl 32]} 12. O-O c4 13. b4 cxb3 14. Qxb3 Nc5 15. Qb2 Qe7 16. Nd3 (16. Kh1 $15) 16... Nxd3 $19 17. Bxd3 {[#]} Qa7+ $1 {Black took control after the opening. Accuracy: White = 53%, Black = 100%.} 0-1

[Event "4th Memorial Warakomska-A 2020"]
[Site "Suwalki"]
[Date "2020.08.07"]
[Round "1.3"]
[White "Goluch, Piotr"]
[Black "Malaczek, Mateusz"]
[Result "1-0"]
[WhiteElo "2376"]
[BlackElo "2036"]
[Annotator "TA"]
[PlyCount "85"]
[EventDate "2020.08.06"]
[EventType "swiss"]
[EventCountry "POL"]
[SourceTitle "playchess.com"]
[Source "ChessBase"]
[SourceQuality "1"]

{[%evp 12,85,71,31,29,37,57,45,62,16,22,14,64,-15,114,14,68,0,0,0,0,-22,-21,-47,-33,-36,-37,-44,-58,-110,-122,-114,0,0,27,16,87,83,87,111,103,87,150,81,101,101,102,67,85,80,346,346,343,341,353,346,339,340,332,319,386,386,387,313,375,348,1099,1084,1081,1075,1065,1057,1023,902,5089,661]} 1. Nf3 g6 2. d4 Bg7 3. c3 d6 4. e4 Nf6 5. Bd3 O-O 6. O-O Bg4 7. h3 Bxf3 {B07: Pirc Defence: Miscellaneous Systems.} 8. Qxf3 e5 {[#]} 9. Rd1 $146 ({Predecessor:} 9. dxe5 dxe5 10. a4 Nfd7 11. a5 Nc5 12. Bc4 Qh4 13. Re1 Nbd7 14. b4 Ne6 15. a6 {1-0 (59) Kroeze,F (2370)-Korsus,B (2339) Germany 2019}) 9... Nc6 {White is slightly better.} 10. Bb5 Nd7 {[%cal Re5d4]} 11. Be3 Qe7 12. Na3 (12. d5 $14 Ncb8 13. g4) 12... Rae8 (12... exd4 $11 {keeps the balance.} 13. cxd4 Nb4) 13. Rac1 (13. d5 $16 Nd8 14. Bxa7) 13... f5 (13... Nd8 $11) 14. Bxc6 (14. d5 $14 Nd8 15. Bxa7) 14... bxc6 $11 15. exf5 e4 16. Qg3 (16. f6 $5 {[%cal Rf6e7]} exf3 17. fxe7 Rxe7 18. Nc2 $11) 16... gxf5 17. Nc2 Kh8 18. f4 Rg8 19. Qe1 Nf6 20. Qh4 (20. Nb4 $15) 20... Qf7 $17 21. Nb4 Nd5 (21... a5 $17 22. Nxc6 Nd5) 22. Nxd5 $11 cxd5 23. g4 $1 fxg4 (23... a5 $11 {remains equal.}) 24. hxg4 $16 Bf6 25. g5 Rg6 26. Rc2 Bd8 ({Better is} 26... h6) 27. Qh3 ({White should try} 27. Qg4) 27... Rf8 28. Rh2 Kg8 29. Kh1 {aiming for f5!} h6 $1 30. Rg1 Kh7 $2 {[%mdl 8192] [#] This move loses the game for Black.} (30... Qf5 $16 {keeps fighting.}) 31. Rg4 $1 $18 ({Less strong is} 31. gxh6 Rxg1+ 32. Kxg1 Qf5 $11) 31... Qf5 {[#]} 32. Rh4 $1 {[%cal Rh4h6][%mdl 512]} Qxh3 33. R2xh3 Kg7 {[%cal Rh6g5]} 34. Rxh6 Rxh6 35. Rxh6 {[%mdl 4096] Endgame KRB-KRB} a5 36. Kg2 a4 37. Re6 Rf7 38. Re8 Rf8 $2 (38... Be7 39. Ra8 Kh7 40. Rxa4 c5 41. dxc5 dxc5) 39. Rxf8 {White is clearly winning.} Kxf8 40. Kg3 Kf7 41. Kg4 Be7 42. f5 Bf8 43. Kh5 {Accuracy: White = 64%, Black = 53%.} (43. g6+ $142 Kg7 44. Bg5) 1-0

[Event "4th Memorial Warakomska-A 2020"]
[Site "Suwalki"]
[Date "2020.08.07"]
[Round "1.4"]
[White "Chojnowski, Marcin"]
[Black "Grabarczyk, Miroslaw"]
[Result "0-1"]
[WhiteElo "2035"]
[BlackElo "2366"]
[Annotator "TA"]
[PlyCount "117"]
[EventDate "2020.08.06"]
[EventType "swiss"]
[EventCountry "POL"]
[SourceTitle "playchess.com"]
[Source "ChessBase"]
[SourceQuality "1"]

{[%evp 28,117,12,16,12,2,10,0,0,-35,0,-23,-5,-24,-24,-30,-26,-23,-16,-18,-18,-18,-18,-24,-11,-14,-13,-39,-8,-10,0,-26,-30,-16,-14,-72,-21,-21,0,0,0,-2,14,14,16,0,13,24,22,0,0,-63,0,0,0,-215,-220,-209,-190,-163,-33,-40,-8,-14,-8,-8,-8,-11,0,0,0,-89,0,-10,0,0,0,0,0,0,0,0,0,0,0,0,0,0,0,0,0,0]} 1. e4 e5 2. Nf3 Nc6 3. Bb5 a6 4. Ba4 Nf6 5. O-O Be7 6. Re1 b5 7. Bb3 d6 8. c3 O-O 9. h3 Na5 10. Bc2 c5 11. d4 Qc7 12. d5 Bd7 13. Nbd2 c4 14. Nf1 Nb7 15. Ng3 Nc5 {C97: Closed Ruy Lopez: Chigorin Defence: 11 d4 Qc7, sidelines.} 16. Bg5 a5 17. Qd2 Rfb8 18. Nh4 {[#]} Bd8 $146 ({Predecessor:} 18... b4 19. Nhf5 Bxf5 20. Nxf5 Bd8 21. Re3 Nh5 22. Bxd8 Qxd8 23. Qe2 g6 24. Ng3 Nxg3 25. Rxg3 bxc3 26. Rxc3 Rxb2 27. Rxc4 {0-1 (47) Hanley,J (2213)-Sowray,P (2352) Great Yarmouth 2007}) 19. f4 Ne8 {Threatens to win with ...f6.} 20. fxe5 (20. Bxd8 {feels hotter.} Qxd8 21. Nhf5 b4 22. fxe5 dxe5 23. Kh2) 20... dxe5 21. Nhf5 Bxf5 22. Nxf5 Nd6 23. Nxd6 Bxg5 24. Qxg5 Qxd6 25. a3 Rb6 26. Rf1 Rf8 27. Rf5 Nd7 28. Raf1 Rb7 29. Bd1 Nc5 30. Bc2 f6 31. Qh4 {[#]} (31. Qe3 $11) 31... Rbf7 ({Better is} 31... b4 $1 $17) 32. g4 $11 g6 33. R5f3 Nd7 34. Qh6 Rb8 35. Kg2 Rbf8 36. Kh2 b4 37. axb4 axb4 38. cxb4 Qxb4 39. R1f2 ({White should play} 39. Qc1 $11) 39... Rb8 (39... Qxb2 $15 40. Qd2 Qd4) 40. Qh4 Ra8 41. g5 $2 (41. b3 $11 {and White has nothing to worry.}) 41... fxg5 $19 42. Qxg5 ({But not} 42. Qg4 Rxf3 43. Rxf3 Qxb2) 42... Rxf3 43. Rxf3 Rf8 (43... Qxb2 $19 44. Rf2 Rf8 45. Rxf8+ Nxf8) 44. Rxf8+ $15 Qxf8 45. Kg3 Qb4 46. Qg4 $1 Nf8 47. Qe2 $1 Kg7 48. Bd1 Nd7 49. Qc2 {[#]} (49. Qe3 $11) 49... Qe1+ (49... Nc5 $1 $17 {White must now prevent ...Qe1+.} 50. Kh2 Nd3) 50. Kg2 $1 $11 {The position is equal.} h5 51. Bf3 h4 {aiming for ...Qg3+.} 52. Qf2 Qxf2+ 53. Kxf2 {[%mdl 4096] Endgame KB-KN} Nc5 54. Ke3 Na4 55. Be2 Nxb2 56. Kd2 {Strongly threatening Kc3.} Na4 57. Bxc4 Nb6 58. Bb5 Nc8 59. Ke3 {[%mdl 32768] Accuracy: White = 82%, Black = 81%. . Sensor Board Error (Ke4/e5)?} 0-1

[Event "4th Memorial Warakomska-A 2020"]
[Site "Suwalki"]
[Date "2020.08.07"]
[Round "1.5"]
[White "Godzwon, Iwo"]
[Black "Krasiewicz, Robert"]
[Result "1-0"]
[WhiteElo "2347"]
[BlackElo "2033"]
[Annotator "TA"]
[PlyCount "73"]
[EventDate "2020.08.06"]
[EventType "swiss"]
[EventCountry "POL"]
[SourceTitle "playchess.com"]
[Source "ChessBase"]
[SourceQuality "1"]

{[%evp 9,73,0,0,-10,10,1,3,0,41,28,40,32,52,51,70,66,70,62,108,107,116,112,116,115,228,227,280,279,268,269,324,322,324,319,318,301,300,301,301,295,329,325,359,340,478,450,446,446,572,566,654,594,585,574,1197,1655,1621,1614,1824,1536,29990,29991,29991,29992,29992,29993]} 1. e4 e6 2. d4 d5 3. Nd2 Be7 4. e5 c5 5. Qg4 Kf8 6. dxc5 {C03: French Tarrasch: Unusual Black 3rd moves.} Nd7 {[#]} 7. Qe2 $146 ({Predecessor:} 7. Qg3 Nh6 8. Bd3 Nxc5 9. Ne2 Nxd3+ 10. Qxd3 f6 11. f4 Bd7 12. Nd4 Qb6 13. N2f3 Qb4+ {½-½ (30) Wei,Y (2530)-Lou,Y (2482) China 2013}) 7... Qc7 8. f4 {The position is equal.} Bxc5 9. Ngf3 Ne7 10. Nb3 Bb6 11. Nfd4 a6 12. Be3 Ba7 13. Qf2 Nb6 14. Nf3 Bd7 15. Bd3 Nec8 16. Nc5 g6 {[#]} (16... Kg8 $16 {was called for.}) 17. O-O-O $1 $18 Na4 {[%cal Ra7c5]} 18. Nxd7+ Qxd7 19. Bxa7 Rxa7 20. b3 Nab6 21. g4 Qe7 22. f5 Ke8 23. h4 Nd7 24. h5 gxf5 25. gxf5 Qc5 26. Qd2 Ne7 (26... Nf8 {keeps fighting.} 27. Qh6 Rg8 28. fxe6 Nxe6) 27. fxe6 fxe6 28. Ng5 {[%mdl 64] [#] Double Attack} Nf8 29. Qf4 Kd7 30. Kb1 Ra8 31. c4 b5 32. cxd5 Nxd5 33. Be4 Rc8 34. Qf7+ Kd8 35. Nxe6+ {[%mdl 64] Remove Defender. White mates.} Nxe6 36. Rxd5+ Qxd5 37. Bxd5 {Black did not feel at home in the position after the opening. Accuracy: White = 100%, Black = 49%.} 1-0

[Event "4th Memorial Warakomska-A 2020"]
[Site "Suwalki"]
[Date "2020.08.07"]
[Round "1.6"]
[White "Jurkiewicz, Krzysztof"]
[Black "Lewicki, Miroslaw"]
[Result "0-1"]
[WhiteElo "2275"]
[BlackElo "2340"]
[Annotator "TA"]
[PlyCount "66"]
[EventDate "2020.08.06"]
[EventType "swiss"]
[EventCountry "POL"]
[SourceTitle "playchess.com"]
[Source "ChessBase"]
[SourceQuality "1"]

{[%evp 17,66,24,48,42,43,39,61,45,69,59,75,10,23,17,25,-11,0,-42,-29,-142,-151,-151,-149,-160,-156,-144,-141,-147,-130,-140,-137,-206,-164,-321,-313,-395,-370,-383,-372,-660,-662,-1009,-970,-1070,-1133,-1433,-1103,-1646,-1635,-29996,-29997]} 1. d4 Nf6 2. c4 e6 3. g3 d5 4. Nf3 c6 5. Bg2 Bd6 6. Nbd2 O-O 7. O-O Nbd7 8. Qc2 Re8 9. Rd1 Qc7 10. e4 {E01: Catalan: Early deviations.} dxe4 11. Nxe4 Nxe4 12. Qxe4 {White is slightly better.} c5 13. b3 Nf6 {[#]} 14. Qh4 $146 (14. Qe2 $16) ({Predecessor:} 14. Qc2 cxd4 15. Nxd4 a6 16. Bb2 e5 17. Nf5 Bc5 18. Re1 Ng4 19. Re2 Qb6 20. Rf1 {0-1 (44) Dickel,J (2070)-Fichter,F (2263) Neustadt an der Weinstrasse 2020}) 14... cxd4 $1 $11 15. Nxd4 a6 16. Bb2 e5 17. Nf3 h6 18. Rac1 {[#]} (18. Bh3 $11 {keeps the balance.}) 18... Ng4 $1 $17 {Hoping for ...Be7.} 19. Rxd6 Qxd6 20. h3 {[#]} e4 $1 {[%cal Re4f3]} 21. Nd4 Nf6 22. c5 Qe5 23. Rc2 Bd7 24. Nb5 (24. g4 $17 Qe7 25. Ne2) 24... Qd5 $19 25. Nd4 $2 (25. Na3) 25... Rac8 26. b4 Qxa2 27. Kh2 Rcd8 28. Bf1 $2 (28. Bc3 Qc4 29. Ne2) 28... Qb1 29. Bc4 Be6 {Strongly threatening ...Bxc4.} 30. Bxe6 fxe6 31. Re2 Qf1 32. Rc2 e5 33. Nf5 Rd1 {Black took control after the opening. Accuracy: White = 32%, Black = 100%.} 0-1

[Event "4th Memorial Warakomska-A 2020"]
[Site "Suwalki"]
[Date "2020.08.07"]
[Round "1.7"]
[White "Szustakowski, Antoni"]
[Black "Wolanski, Michal"]
[Result "1/2-1/2"]
[WhiteElo "2295"]
[BlackElo "2019"]
[Annotator "TA"]
[PlyCount "192"]
[EventDate "2020.08.06"]
[EventType "swiss"]
[EventCountry "POL"]
[SourceTitle "playchess.com"]
[Source "ChessBase"]
[SourceQuality "1"]

{[%evp 12,192,-2,-8,4,0,0,0,23,18,37,12,54,19,21,0,3,0,13,26,26,9,28,37,62,82,77,70,144,151,153,60,423,417,363,132,246,181,166,118,135,118,254,117,180,98,102,104,220,166,166,111,112,111,120,119,117,120,119,120,118,111,124,141,131,25,23,0,0,0,0,0,0,0,0,0,0,0,0,0,0,0,0,0,0,0,0,0,0,0,0,0,4,4,35,4,4,4,4,4,4,4,4,4,4,0,0,0,4,4,4,4,4,4,18,0,18,4,18,19,25,25,31,0,8,0,31,0,54,33,75,0,0,0,0,0,0,0,0,0,29,0,0,0,0,0,0,0,0,0,0,0,0,0,0,0,0,0,0,0,0,0,0,0,0,0,0,0,0,0,0,0,0,0,0,0,0,0,0,0,0,0,0]} 1. d4 Nf6 2. c4 e6 3. Nf3 b6 4. a3 Bb7 5. Bf4 Be7 6. e3 O-O 7. Nc3 d5 {E12: Queen's Indian: Unusual White 4th moves, 4 a3, 4 Nc3 Bb7 5 a3 and 4 Nc3 Bb7 .} 8. cxd5 Nxd5 9. Nxd5 Bxd5 10. Qc2 {[#]} c5 $146 ({Predecessor:} 10... Bd6 11. Bg3 Nd7 12. Rc1 h6 13. Bc4 Bxg3 14. hxg3 Bxc4 15. Qxc4 c5 16. dxc5 Nxc5 17. O-O Qd3 {½-½ (17) Balabin,A (2354)-Hoffmann,F (2343) ICCF email 2010}) 11. Bd3 g6 12. e4 Bb7 13. dxc5 bxc5 14. Rd1 Qa5+ 15. Bd2 Qb6 16. Ne5 Bf6 17. Bc3 $36 {[%mdl 2048] White has some pressure.} Bg7 18. O-O Qc7 19. Ng4 Qe7 (19... e5 $14) 20. Bxg7 $16 Kxg7 21. Qc1 (21. Qc3+ $16 f6 22. Rc1) 21... Qh4 $2 {[%mdl 8192]} ({Black should try} 21... h5 $14 22. Qc3+ f6) 22. Qc3+ $18 f6 23. Ne3 $2 (23. f3 $18) 23... Nd7 (23... Nc6 $16 {was called for.} 24. Qxc5 Rad8) 24. Qb3 Rab8 25. Qxe6 Ne5 26. Qe7+ Kh8 (26... Rf7 $16 27. Qd6 (27. Qxc5 Nxd3 28. Rxd3 Ba6 $14) 27... Rc8) 27. Bb1 (27. Qxc5 $18 Bxe4 28. Bxe4 Qxe4 29. b4) 27... Bxe4 (27... Ba6 $16) 28. Qxc5 (28. f4 $18 Rfe8 29. Qxc5) 28... Qg5 $16 {[#] Threatens to win with ...Nf3+.} 29. Kh1 (29. Bxe4 $2 Nf3+ 30. Bxf3 Qxc5 $19) 29... Rfc8 (29... Nf3 $16 30. Qxg5 (30. Qxa7 Qf4 $11) 30... Nxg5) 30. Qd4 Bxb1 31. Rxb1 (31. f4 $18 Nc6 32. Qc3 (32. fxg5 Nxd4 33. Rxd4 Rxb2 $16) (32. Rxb1 Qxg2+ 33. Kxg2 Nxd4 $15)) 31... Nc6 32. Qd7 Qe5 33. Rbc1 Rc7 34. Qd5 Rxb2 35. Qxe5 fxe5 36. Rc3 {And now h3 would win.} Rc8 37. Rfc1 {Strongly threatening h3.} Rbb8 38. f3 (38. g3 $16 Ne7 39. Rc7) 38... Ne7 $11 {[#] ...Rxc3 is the strong threat.} 39. Rxc8+ (39. h4 {looks sharper.} Rxc3 40. Rxc3 Rb1+ 41. Kh2 Re1 42. g4) 39... Rxc8 40. Rxc8+ Nxc8 {[%mdl 4096] Endgame KN-KN} 41. Nc4 Kg7 42. Nxe5 Kf6 43. Ng4+ Ke6 44. Kg1 Nd6 45. Kf2 Nc4 46. a4 a5 47. Ne3 Nb6 48. f4 Nxa4 49. Nc4 Nc5 50. Nxa5 Kf5 51. Kf3 h5 52. Nc4 Ne6 53. Ne3+ Kf6 54. h3 Nd4+ 55. Ke4 Ne2 56. Nd5+ Ke6 57. Nc7+ Kf6 58. Ne8+ Ke7 59. Nc7 {Black should prevent Ke5.} Kf6 60. Ke3 Ng3 61. Nd5+ Ke6 62. Nc3 Nf5+ 63. Kf2 Nd6 64. Ne2 Ne4+ 65. Ke3 Nd6 66. Ng3 Nc4+ 67. Kd3 Nd6 68. Kd4 Nb5+ 69. Ke3 Nd6 ({Black should play} 69... h4 $11 70. Ne2 Kf5) 70. Kf3 Kf7 71. f5 (71. Ne4 $16 Nc4 72. g3) 71... Kf6 72. fxg6 Kxg6 73. Kf4 Ne8 74. Nf5 Kf6 75. Ng3 Ng7 76. h4 Ne6+ {The position is equal.} 77. Ke4 Ng7 78. Kd5 {With the idea Ke4.} Nf5 79. Ne4+ Kg6 80. g3 Ne7+ 81. Ke6 Nf5 82. Ke5 Ne7 83. Nf2 Nf5 84. Kf4 Kf6 85. Nd3 Nd4 86. Ke3 Nf5+ 87. Kf2 Ng7 88. Nf4 Ke5 89. Ke3 Kf5 90. Kf3 Ke5 91. Nxh5 Nxh5 {KN-KPP} 92. g4 Ng7 93. h5 Nxh5 94. gxh5 Kf5 95. h6 {h7 would kill now.} Kg6 96. h7 Kxh7 {Black escapes into a draw. Accuracy: White = 78%, Black = 76%.} 1/2-1/2

[Event "4th Memorial Warakomska-A 2020"]
[Site "Suwalki"]
[Date "2020.08.07"]
[Round "1.8"]
[White "Strzelecki, Jerzy"]
[Black "Kucza, Karol"]
[Result "0-1"]
[WhiteElo "1977"]
[BlackElo "2245"]
[Annotator "TA"]
[PlyCount "116"]
[EventDate "2020.08.06"]
[EventType "swiss"]
[EventCountry "POL"]
[SourceTitle "playchess.com"]
[Source "ChessBase"]
[SourceQuality "1"]

{[%evp 18,116,0,-14,-7,-9,0,-4,17,-13,8,-7,0,-8,22,29,21,-31,-32,-30,-25,-29,-25,-30,-4,-33,-38,-30,-31,-41,-41,-41,-41,-64,-64,-85,-75,-69,-81,-76,-50,-70,-29,-85,-85,-104,-77,-150,-150,-150,-150,-150,-150,-196,-189,-416,-414,-471,-469,-442,-325,-369,-360,-343,-342,-330,-330,-345,0,-236,-224,-245,-204,-321,-278,-294,-270,-295,-298,-204,-194,-562,-517,-544,-572,-572,-566,-499,-547,-29970,-6222,-29993,-29991,-29990,-29991,-29994,-29984,-29984,-29984,-29996,-29997]} 1. Nf3 Nf6 2. g3 d5 3. Bg2 c6 4. b3 Bf5 5. Bb2 e6 6. O-O h6 7. d3 Nbd7 8. Nbd2 Bc5 9. c4 O-O 10. a3 a5 {A12: English Opening: 1...c6 with b3 by White.} 11. d4 Bd6 12. Ne5 Qc7 {[%cal Rd7e5] The position is equal.} 13. Nxd7 (13. Nd3 {keeps more tension.} Ne4 14. Rc1 Qd8 15. Nf3 Bc7 16. a4) 13... Qxd7 {[#]} 14. Qc1 $146 ({Predecessor:} 14. f3 Bg6 15. e4 dxe4 16. fxe4 e5 17. c5 Be7 18. Nc4 exd4 19. Nb6 Qd8 20. Nxa8 Bxc5 21. b4 {0-1 (40) Salah,S (2181)-Sadek,S (2297) Cairo 2016}) 14... b5 15. c5 Bc7 16. f3 Bg6 17. Qc3 (17. e4 $11) 17... Rfe8 $15 18. f4 Bd8 19. h3 a4 20. b4 Ne4 21. Qe3 {[%cal Rd2e4]} Nxd2 22. Qxd2 Be4 23. Rae1 f5 24. e3 Kh7 25. Bc3 g5 26. Re2 Rg8 27. Kh2 gxf4 28. exf4 Qg7 29. Qe3 {[#]} Bh4 $1 {[%cal Rh4g3][%mdl 512]} 30. Be1 (30. g4 $1 $11) (30. gxh4 Qxg2+) 30... Bf6 $36 {[%mdl 2048] White is under strong pressure.} 31. Bc3 h5 32. Bxe4 (32. Rg1 $142) 32... dxe4 ({Don't take} 32... fxe4 33. Rg1 $15) 33. Rff2 Rad8 {[%cal Rd8d4]} 34. Rd2 Rd5 35. Rg2 Rgd8 36. Qe2 $2 (36. g4 {is the only way for White.} hxg4 37. hxg4 Bxd4 38. Bxd4 Rxd4 39. Rxd4 Rxd4 40. Qe1) 36... Kg6 $19 37. g4 hxg4 38. hxg4 Kf7 39. gxf5 Qh8+ 40. Kg1 {With the idea fxe6+.} exf5 41. Rh2 Qg7+ 42. Rg2 Qh8 {[%cal Rd5d4]} 43. Rh2 $1 {[%cal Rh2h8]} Rg8+ 44. Kf1 Qg7 {[%csl Gg8][%cal Rg7g1] [#]} 45. Qe3 (45. Qh5+ $142 Qg6 46. Qxg6+ Rxg6 47. Rh7+ Bg7 48. Rh4) 45... Qg3 46. Rh7+ Ke6 47. Re2 Qxe3 48. Rxe3 Rg4 ({Resist} 48... Bxd4 49. Rh6+ Ke7 50. Rh7+ Kd8 51. Bxd4 $17) 49. Rc7 $2 (49. Ke2 {nothing else works.}) 49... Rxf4+ 50. Ke1 Bxd4 51. Bxd4 Rxd4 52. Rxc6+ {[%mdl 4096] Endgame KRR-KRR} Ke5 53. Rb6 Rh4 54. Rxb5 Rh1+ {Black mates.} 55. Ke2 Rh2+ 56. Ke1 Rdd2 57. c6+ Kd4 58. Rg3 Ra2 {Accuracy: White = 63%, Black = 85%.} 0-1

[Event "4th Memorial Warakomska-A 2020"]
[Site "Suwalki"]
[Date "2020.08.07"]
[Round "1.9"]
[White "Rasti, Arvin"]
[Black "Backiel, Hubert"]
[Result "1-0"]
[WhiteElo "2139"]
[BlackElo "1943"]
[Annotator "TA"]
[PlyCount "45"]
[EventDate "2020.08.06"]
[EventType "swiss"]
[EventCountry "POL"]
[SourceTitle "playchess.com"]
[Source "ChessBase"]
[SourceQuality "1"]

{[%evp 27,45,26,25,0,0,0,25,26,22,27,94,115,189,0,368,357,949,924,838,763]} 1. d4 d5 2. c4 e6 3. Nc3 c6 4. Nf3 dxc4 5. a4 Bb4 6. e3 b5 7. Bd2 a5 8. axb5 Bxc3 9. Bxc3 cxb5 10. b3 Bb7 11. bxc4 b4 12. Bb2 Nf6 13. Bd3 O-O {is recently more successful than 13...Nbd7.} 14. O-O Nbd7 15. c5 {D31: Queen's Gambit Declined: Semi-Slav without ...Nf6 (+ Marshall Gambit and Noteboom) and Exchange Variation lines without ...Nf6.} Qc7 16. Bb5 Ng4 {Threatens to win with ...Bxf3.} 17. c6 {White has an edge.} Bxc6 18. Qc2 $1 {And now d5 would win.} Rfc8 (18... Rac8 $1 $11 19. Rfc1 Nb8) 19. Rfc1 $16 {[%cal Rc2c6]} Nb8 {[#]} (19... Bxb5 $16 20. Qxc7 Rxc7 21. Rxc7 Ngf6) 20. Bxc6 $146 (20. d5 $1 $18 {[%mdl 512]} exd5 (20... Bxd5 21. Qxc7) 21. h3) ({Predecessor:} 20. d5 exd5 21. h3 Qb7 22. Qf5 Nf6 23. Bxf6 gxf6 24. Nd4 Bd7 25. Qxf6 b3 26. Bd3 {½-½ (37) Dziadyk,P-Malahov,V (2289) Kiev 2002}) 20... Qxc6 $4 {[%mdl 8192] [#]} (20... Nxc6 $11 21. d5 exd5) 21. Qe4 $1 $18 {[%mdl 576] Pin} f5 $2 (21... Nf6 22. Rxc6 Nxc6) (21... Qxe4 22. Rxc8#) 22. Rxc6 Rxc6 23. Qd3 {Accuracy: White = 70%, Black = 18%.} 1-0

[Event "4th Memorial Warakomska-A 2020"]
[Site "Suwalki"]
[Date "2020.08.07"]
[Round "1.10"]
[White "Jakhari, Ansh"]
[Black "Mulet, Piotr"]
[Result "1-0"]
[WhiteElo "1908"]
[BlackElo "2217"]
[Annotator "TA"]
[PlyCount "91"]
[EventDate "2020.08.06"]
[EventType "swiss"]
[EventCountry "POL"]
[SourceTitle "playchess.com"]
[Source "ChessBase"]
[SourceQuality "1"]

{[%evp 24,91,0,0,0,0,0,0,0,0,0,0,34,34,32,39,33,22,30,-16,-16,-14,-15,-12,-12,-12,-12,-12,-12,-12,-12,-12,-12,-11,-11,-11,-9,-23,-23,-24,-22,-42,8,-18,0,-6,-6,-8,0,0,16,0,0,0,0,0,457,8,8,8,8,0,1493,1380,6279,6420,6070,1689,29969,5057]} 1. e4 Nf6 2. e5 Nd5 3. c4 Nb6 4. d4 d6 5. exd6 cxd6 6. Nf3 g6 7. Nc3 Bg7 8. Be3 O-O 9. Be2 Nc6 10. O-O Bg4 11. b3 e5 12. d5 Bxf3 13. Bxf3 Nd4 {B04: Alekhine's Defence: 4 Nf3.} 14. Rc1 Nd7 15. Bxd4 exd4 {The position is equal.} 16. Ne2 {[#]} Qb6 $146 ({Predecessor:} 16... Qf6 17. Qd2 Nc5 18. Rcd1 d3 19. Nc1 Qc3 20. Qxc3 Bxc3 21. Nxd3 Nxd3 22. Rxd3 Bb4 23. Ra1 a5 {½-½ (23) Suarez Pousa,D-Hinks Edwards,T (2205) Bratislava 1993}) 17. Qd2 Ne5 18. Be4 Rae8 19. Bb1 Ng4 {next ...Bh6 is good for Black.} 20. Rcd1 {[%cal Re2d4]} Bh6 21. Qd3 (21. Nf4 {seems wilder.} Nf6 22. Qxd4 Qxd4 23. Rxd4 Bg7 24. g3) 21... Ne3 $36 {[%mdl 2048] Black has good play.} 22. fxe3 Rxe3 23. Qxd4 Rxe2 24. Qxb6 axb6 25. Rfe1 Rb2 26. Kf1 Bf4 27. g3 Bg5 28. Re2 Rxe2 29. Kxe2 $11 {[%mdl 4096] Endgame KRB-KRB} Re8+ 30. Kf2 Be3+ 31. Kf1 Bc5 32. Re1 Re5 (32... Rxe1+ {looks sharper.} 33. Kxe1 Kg7 34. Ke2 Kf6 35. Kf3 Ke5) 33. Bd3 Kg7 34. Rxe5 dxe5 {KB-KB} 35. g4 $1 Kh6 {With the idea ...Kg5.} 36. h4 Be7 37. a4 Bxh4 {White must now prevent ...Be7.} 38. d6 $1 Kg5 39. Be4 Kxg4 $2 {[%mdl 8192] [#]} (39... Kf6 $1 $11 {and Black is okay.}) 40. Bxb7 $2 (40. b4 $1 $18) 40... Kf5 $1 41. Bd5 e4 $1 42. b4 {[%cal Bb3b4,Bb4a5,Ba5a6,Ba6a7][%mdl 32] Hoping for a5.} Ke5 $2 {[%mdl 8192]} (42... Bd8 $11) 43. a5 $18 bxa5 44. bxa5 Kxd6 45. a6 Kc7 46. a7 {Accuracy: White = 86%, Black = 75%.} 1-0